La connaissance de soi : en psychologie de l'éducation physique et du sport (notice n° 2197783)
[ vue normale ]
| 000 -LEADER | |
|---|---|
| fixed length control field | 01696cam a2200145 4500500 |
| 005 - DATE AND TIME OF LATEST TRANSACTION | |
| control field | 20260405085450.0 |
| 041 ## - LANGUAGE CODE | |
| Language code of text/sound track or separate title | fre |
| 042 ## - AUTHENTICATION CODE | |
| Authentication code | dc |
| 100 10 - MAIN ENTRY--PERSONAL NAME | |
| Personal name | Famose, Jean-Pierre |
| Relator term | author |
| 245 00 - TITLE STATEMENT | |
| Title | La connaissance de soi : en psychologie de l'éducation physique et du sport |
| 260 ## - PUBLICATION, DISTRIBUTION, ETC. | |
| Name of publisher, distributor, etc. | Armand Colin,<br/> |
| Date of publication, distribution, etc. | 2002.<br/> |
| 520 ## - SUMMARY, ETC. | |
| Summary, etc. | Les perceptions et sentiments que nous avons de nous-mêmes jouent un rôle majeur dans la compréhension de nos comportements. Ils contribuent aussi à accroître le bien-être physique et psychologique, à améliorer les résultats scolaires et à optimiser la performance sportive. À cet égard, l'Éducation Physique et le Sport constituent des domaines propices à l'explication de cette notion.Comment la connaissance de soi se forme-t-elle et comment s'évalue-t-elle ? Quelle pertinence le système éducatif et l'Éducation physique et sportive en particulier doivent-ils lui reconnaître ? Quelles interventions peuvent-elles la rendre positive et favorable aux apprentissages moteurs ?Cet ouvrage présente l'approche définitionnelle, structurale et fonctionnelle de la connaissance de soi qui faisait défaut. Il s'appuie sur les travaux classiques et contemporains en psychologie générale, psychologie sociale et en psychologie de l'éducation physique et du sport. Il fournira au lecteur tous les éléments théoriques et empiriques nécessaires pour mesurer l'enjeu éducatif et social que constitue la prise en compte de la connaissance de soi dans les contextes scolaires et sportifs. |
| 700 10 - ADDED ENTRY--PERSONAL NAME | |
| Personal name | Guérin, Florence |
| Relator term | author |
| 856 41 - ELECTRONIC LOCATION AND ACCESS | |
| Uniform Resource Identifier | <a href="https://shs.cairn.info/la-connaissance-de-soi--9782200262808?lang=fr&redirect-ssocas=7080">https://shs.cairn.info/la-connaissance-de-soi--9782200262808?lang=fr&redirect-ssocas=7080</a> |
Pas d'exemplaire disponible.




Réseaux sociaux